00719cam a22002658a 450000100090000000300040000900500170001300800410003001000170007102000220008802000180011004000090012804200080013705000240014508200210016910000200019024500570021026000670026726300090033430000090034350400530035265000110040565000210041670000160043712109051OSt20191223145348.0000717s2000 enk b 001 0 eng  a 00059814  a0198290624 (pbk.) a9780198290629 coclc apcc00aHG220.A2bL488 200000a332.4221bLEW/M aLewis, Mervyn K10aMonetary economics /cMervyn K Lewis ; Paul D Mizen aOxford, England ;aNew York :bOxford University Press,c2000. a0008 a473p aIncludes bibliographical references and indexes. 0aMoney. 0aMonetary policy.1 aMizen, Paul